| 000 | 00418nam a2200157Ia 4500 | ||
|---|---|---|---|
| 003 | GCL | ||
| 008 | 140319s9999 xx 000 0 eng d | ||
| 040 |
_aGCL / _cGCL |
||
| 082 | 0 | 4 |
_a338.967 _bG T |
| 100 | 1 | _aGULHATI,RAUI | |
| 245 | 1 | 0 |
_aTHE MAKING OF ECONOMIC POLICY IN AFRICA / _cGULHATI,RAUI |
| 260 |
_a[S.N] : _bTHE WORLD BANK ، _c1989 |
||
| 300 | _a111 PP | ||
| 650 | 0 | 4 | _aAFRICA, SUB SAHARAN |
| 942 |
_2ddc _cBK |
||
| 999 |
_c23053 _d23053 |
||